|
|
|
|
| LEADER |
02059nmm a2200481 a 4500 |
| 001 |
001080276 |
| 003 |
CZ BrMZK |
| 005 |
20100224132838.0 |
| 006 |
m i |
| 007 |
co cgu |
| 008 |
091217s2009 xr e d cze |
| 020 |
|
|
|a 978-80-248-2022-4
|q (CDR) :
|c neprodejné
|
| 040 |
|
|
|a BOA001
|b cze
|
| 041 |
0 |
|
|a cze
|a eng
|
| 043 |
|
|
|a e------
|
| 045 |
|
|
|a y0y0
|
| 072 |
|
7 |
|a 330.5+338
|x Národní hospodářství a hospodářská politika
|2 Konspekt
|9 4
|
| 080 |
|
|
|a 338.2
|2 MRF
|
| 080 |
|
|
|a 338.124.4
|2 MRF
|
| 080 |
|
|
|a 338
|2 MRF
|
| 080 |
|
|
|a (4)
|2 MRF
|
| 080 |
|
|
|a (062.534)
|2 MRF
|
| 080 |
|
|
|a (0.034.44)
|2 MRF
|
| 111 |
2 |
|
|a Hospodářská politika v zemích EU - Ekonomická krize - výzvy budoucnosti (konference)
|d (2009 :
|c Trojanovice, Česko)
|7 mzk2009508219
|
| 245 |
1 |
0 |
|a Hospodářská politika v zemích EU: Ekonomická krize - výzvy budoucnosti
|h [elektronický zdroj] :
|b sborník příspěvků mezinárodní vědecká konference : 16.- 8.9.2009, Trojanovice, Česká republika
|
| 250 |
|
|
|a 1. vyd.
|
| 256 |
|
|
|a Data (44,8 MB)
|
| 260 |
|
|
|a Ostrava :
|b Vysoká škola báňská - Technická univerzita, Ekonomická fakulta, katedra národohospodářská,
|c 2009
|
| 300 |
|
|
|a 1 CD-ROM :
|b barev. ;
|c 12 cm
|
| 500 |
|
|
|a Název z disku
|
| 538 |
|
|
|a Požadavky na systém: prohlížeč pdf, www
|
| 546 |
|
|
|a Část. anglický text
|
| 648 |
|
4 |
|a 2008-2010
|
| 650 |
0 |
7 |
|a hospodářská politika
|7 ph114701
|z země Evropské unie
|y 2001-2010
|2 czenas
|
| 650 |
0 |
7 |
|a hospodářská krize
|7 ph120819
|y 2001-2010
|2 czenas
|
| 655 |
|
7 |
|a sborníky konferencí
|7 fd133333
|2 czenas
|
| 655 |
|
7 |
|a CD-ROM
|7 fd133955
|2 czenas
|
| 651 |
|
7 |
|a země Evropské unie
|7 ge131521
|x hospodářské poměry
|y 2001-2010
|2 czenas
|
| 710 |
2 |
|
|a Vysoká škola báňská - Technická univerzita Ostrava.
|b Národohospodářská katedra
|7 kn20010710069
|
| 910 |
2 |
|
|a BOA001
|b CDR2-1233.591
|
| 990 |
|
|
|a CF
|
| 991 |
|
|
|b 201002
|
| 996 |
6 |
|
|b 2610377887
|c CDR2-1233.591
|l Stud. periodik/2.patro
|r Sklad / do 1 hodiny
|n 2
|p p.v.
|w 001102508
|u 000010
|a 1
|e BOA001
|j MZK50
|s P
|